Žagarės dvaro teismo knygos

Titel: Žagarės dvaro teismo knygos : (1670 - 1751) / parengė Vytautas Raudeliūnas ...
Beteiligt:
Veröffentlicht: Vilnius : Mintis, 2003
Umfang: 727 S.
Format: Buch
Sprache: Polnisch
Schriftenreihe/
mehrbändiges Werk:
Lietuvos teisės paminklai ; 4
ISBN: 9986638356
Buchumschlag
X
Lokale Klassifikation: 45 5 E ; 45 12 F
alg: 12037460
001A    $03004:08-04-04 
001B    $06062:30-10-23 $t10:43:50.000 
001D    $03004:08-04-04 
001U    $0utf8 
001X    $00 
002@    $0Aau 
003@    $0120374609 
003O    $0248888600 $aOCoLC 
004A    $09986-638-35-6 
007A    $0120374609 $aHEB 
007T    $0Herdhh120374609 
010@    $apol 
011@    $a2003 
021A    $aŽagarės dvaro teismo knygos $d(1670 - 1751) $hparengė Vytautas Raudeliūnas ... 
027A    $aGerichtsbücher des Gutshofes Žagarė 
027A/01 $aKsięgi sądowe dworu Żagorskiego (1670-1751) 
027A/02 $aGerichtsbücher des Gutshofes Žagarė (1670-1751) 
028C    $BBearb. $#Raudeljunas, Vitautas $7 $8Raudeliūnas, Vytautas [Tnd] $9138801088 
033A    $pVilnius $nMintis 
034D    $a727 S. 
036E    $a@Lietuvos teisės paminklai $l4 
039U    $8--Aox--Jurgaitis, Robertas. Žagarės dvaro teismo knygų publikacija, 2003 $9394824857 
045F    $a900.947930903 $eDDC23BSB 
045F/01 $a900 
045F/03 $f0903 
045F/03 $f09041 
045F/03 $g4793 
045G    $a340.09 $eDDC23BSB 
045G/01 $a340.09 
045G/03 $f0903 
045G/03 $f09041 
045G/03 $g4793 
046B    $aParallelt.: Gerichtsbücher des Gutshofes Žagarė 
046L    $aText lit. oder poln. 
046M    $aZsfassung in dt. Sprache 

lok: 12037460 24
101B    $008-04-04 $t15:22:25.000 
101C    $008-04-04 
145Z/01 $a45 5 E 
145Z/02 $a45 12 F 
101U    $0utf8 

exp: 12037460 24 1 #EPN
201B/01 $008-04-04 $t15:22:25.000 
201C/01 $008-04-04 
203@/01 $0212577336 
208@/01 $a08-04-04 $bz 
209A/01 $a04.0972 $du $f050 $h04 0972 $x00 
209C/01 $a04.0972 T $h04 0972 T 
209G/01 $a70503131 $x00 
220C/01 $amar 
247C/01 $8358050-7 Marburg, Bibliothek des Herder-Instituts Marburg $9102600961 
201U/01 $0utf8 

lok: 12037460 78

exp: 12037460 78 1 #EPN
201B/01 $019-04-17 $t19:23:00.000 
201U/01 $0utf8 
203@/01 $0794486967 
208@/01 $a12-11-16 $be 
209A/01 $a/ $f000 $x00 
237A/01 $aText lit. oder poln. - dt. Res. - weiterführende Signatur(en): Herder-Institut: 04.0972 
244Z/01 $2Trx $#Litauen $#Lithuania $#Litwa $#Litva $#Litva $8--Trx--Lietuva $x01 $9391193457 
244Z/01 $2Trx $#Szagarren $#Żagory $#Schagarren $8--Trx--Žagarė$gJoniškis $x02 $9391271261 
244Z/01 $aGeschichte 1670-1751 $x03 
244Z/01 $2Trx $#kohturaamatud $#teismų knygos $#judicial records $#törvénykönyvek $#księgi sądowe $#knihy súdne $#knihy soudní $8--Trx--Gerichtsbücher $x04 $9391367684 
245Z/01 $a03.03.01 $x01 
247C/01 $82080>Marburg/Lahn, Herder-Institut, Forschungsbibliothek, Bibliographieportal $9336309341
LEADER 00000cam a2200000 c 4500
001 120374609
003 DE-603
005 20231030104350.0
007 tu
008 040408s2003 xx |||| | u00||u|pol c
020 |a 9986638356 
035 |a (DE-599)HEB120374609 
035 |a (OCoLC)248888600 
040 |a DE-603  |b ger  |c DE-603  |d DE-603 
041 |a pol 
082 0 4 |8 1\u  |a 900.947930903  |q DE-101  |2 23/BSB 
083 0 |8 2\u  |a 340.09  |q DE-101  |2 23/BSB 
085 |8 1\u  |b 900 
085 |8 1\u  |z 1  |s 0903 
085 |8 1\u  |z 1  |s 09041 
085 |8 1\u  |z 2  |s 4793 
085 |8 2\u  |b 340.09 
085 |8 2\u  |z 1  |s 0903 
085 |8 2\u  |z 1  |s 09041 
085 |8 2\u  |z 2  |s 4793 
245 0 0 |a Žagarės dvaro teismo knygos  |b (1670 - 1751)  |c parengė Vytautas Raudeliūnas ... 
246 0 1 |i Parallelt.  |a Gerichtsbücher des Gutshofes Žagarė 
246 1 3 |a Gerichtsbücher des Gutshofes Žagarė 
246 1 3 |a Księgi sądowe dworu Żagorskiego (1670-1751) 
246 1 3 |a Gerichtsbücher des Gutshofes Žagarė (1670-1751) 
264 1 |a Vilnius  |b Mintis  |c 2003 
300 |a 727 S. 
490 0 |a Lietuvos teisės paminklai  |v 4 
500 |a Zsfassung in dt. Sprache 
546 |a Text lit. oder poln. 
700 1 |a Raudeliūnas, Vytautas  |e Bearb.  |4 edt  |0 (DE-603)138801088 
787 0 8 |i Rezensiert in  |a Jurgaitis, Robertas  |t Žagarės dvaro teismo knygų publikacija  |w (DE-603)394824857 
924 0 |9 Mb 50  |a (DE-603)212577336  |b DE-Mb50  |c HES  |d c  |g 04.0972 
924 0 |9 2080  |a (DE-603)794486967  |b DE-2080  |c HES  |d d  |g /